Statistiques concernant Les 10 meilleurs joueurs de foot par poste #2

Cliquez ici pour prendre le quiz!

Statistiques générales

  • Ce quiz a été pris 327 fois
  • Le résultat moyen est 5 sur 10

Statistiques - réponses

HintRéponse% Correct
6Marcelo
94%
4Dani Alves
78%
2Roberto Carlos
78%
5Philipp Lahm
69%
3Cafu
58%
1Paolo Maldini
48%
8Javier Zanetti
35%
10Ashley Cole
32%
7Gianluca Zambrotta
19%
9Maicon
14%

Distribution des résultats

Percentile par nombre de réponses

% des personnes avec chaque résultat

Votre développement - résultats

Vous n’avez pas pris ce quiz